| 000 | 00419cam a2200169ua 4500 | ||
|---|---|---|---|
| 020 | _c3.50 | ||
| 041 |
_aeng _h |
||
| 082 |
_a923.2 _bKUS/RA |
||
| 100 | _aKusumavati, Desh Pande . | ||
| 245 | 0 | 0 |
_aRanade / _cKusumavati Desh Pande. _hTextual Documents |
| 260 |
_aIndia : _bMinistry of I&B, Govt. of India , _c1963. |
||
| 300 | _a231 ; . | ||
| 365 | _a3.50 | ||
| 504 | _a | ||
| 942 | _cBK | ||
| 999 |
_c5957 _d5957 |
||